Memoria del Ministerio de Justicia y negocios eclesiásticos de la república mexicana, presentada á las Cámaras del Congreso de la Unión, en cumplimiento del artículo 120 de la constitución federal, al prinicipio de sus sesiones ordinarias (Record no. 181016)

MARC details
000 -LEADER
campo de control de longitud fija 00727nam a2200157 i 4500
001 - NÚMERO DE CONTROL
campo de control 181016
003 - IDENTIFICADOR DE NÚMERO DE CONTROL
campo de control ES-MaACL
005 - FECHA Y HORA DE LA ÚLTIMA TRANSACCIÓN
campo de control 20230906221241.0
008 - DATOS DE LONGITUD FIJA--INFORMACIÓN GENERAL
campo de control de longitud fija 121002s1835 mx |||| | spa d
110 1# - ENTRADA PRINCIPAL--NOMBRE DE ENTIDAD CORPORATIVA
Nombre de entidad corporativa o nombre de jurisdicción como elemento de entrada México.
Unidad subordinada Ministerio de Justicia y Negocios Eclesiásticos.
9 (RLIN) 151519
245 10 - MENCIÓN DEL TÍTULO
Título Memoria del Ministerio de Justicia y negocios eclesiásticos de la república mexicana, presentada á las Cámaras del Congreso de la Unión, en cumplimiento del artículo 120 de la constitución federal, al prinicipio de sus sesiones ordinarias
Resto del título año de 1835.
260 ## - PUBLICACIÓN, DISTRIBUCIÓN, ETC.
Lugar de publicación, distribución, etc. México :
Nombre del editor, distribuidor, etc. [s.n.],
Fecha de publicación, distribución, etc. 1835 (
Fabricante Impr. del Aguila)
300 ## - DESCRIPCIÓN FÍSICA
Extensión 71 p. ;
Dimensiones 28 cm.
651 #4 - PUNTO DE ACCESO ADICIONAL DE MATERIA--NOMBRE GEOGRÁFICO
Nombre geográfico México-
Subdivisión general Historia-
Subdivisión geográfica 1821-1861.
9 (RLIN) 9064
852 ## - LOCALIZACIÓN
Ubicación ES-MaACL
Número de control de estantería Z-2-F-4
Holdings
Estatus retirado Estado de pérdida Estado de daño No para préstamo Colección Biblioteca de origen Biblioteca actual Ubicación en estantería Fecha de adquisición Fuente de adquisición Total de préstamos Signatura topográfica completa Código de barras Visto por última vez Precio de reemplazo Tipo de ítem Koha
        Libros del s. XIX Biblioteca del Ateneo de Madrid Biblioteca del Ateneo de Madrid Depósito Z 02/10/2012     Z-2-F-4 1190223 23/02/2023 23/02/2023 Libro impreso antiguo